Welcome to CU Library Online Public Access Catalogue (OPAC)

BEYOUND THE RIVERS OF ETHIOPIA; (Record no. 7411)

MARC details
000 -LEADER
fixed length control field 00427nam a22001457a 4500
005 - DATE AND TIME OF LATEST TRANSACTION
control field 20250901103619.0
008 - FIXED-LENGTH DATA ELEMENTS--GENERAL INFORMATION
fixed length control field 250901b |||||||| |||| 00| 0 eng d
020 ## - INTERNATIONAL STANDARD BOOK NUMBER
International Standard Book Number 2453478908855
050 ## - LIBRARY OF CONGRESS CALL NUMBER
Classification number BS680
Item number .B48 OTA
100 ## - MAIN ENTRY--PERSONAL NAME
Personal name OTABIL MENSA
245 ## - TITLE STATEMENT
Title BEYOUND THE RIVERS OF ETHIOPIA;
Remainder of title A BIBLICAL REVELATION ON GOD'S PURPOSE FOR THE BLACK RACE
260 ## - PUBLICATION, DISTRIBUTION, ETC.
Place of publication, distribution, etc. ACCRA
Name of publisher, distributor, etc. DPI PRINT LTD
Date of publication, distribution, etc. c2004
300 ## - PHYSICAL DESCRIPTION
Extent xi,82p
942 ## - ADDED ENTRY ELEMENTS (KOHA)
Source of classification or shelving scheme Library of Congress Classification
Koha item type Books
Suppress in OPAC No
999 ## -
-- 7411
-- 7411
Holdings
Withdrawn status Lost status Source of classification or shelving scheme Damaged status Not for loan Collection Home library Current library Shelving location Date acquired Total checkouts Full call number Barcode Date last seen Copy number Price effective from Koha item type
    Library of Congress Classification     Non-fiction Undergraduate Library (Christ Temple) Undergraduate Library (Christ Temple) General stacks 09/01/2025   BS680.B48 OTA ulct00004542 09/01/2025 1 09/01/2025 Books
    Library of Congress Classification     Non-fiction Undergraduate Library (Christ Temple) Undergraduate Library (Christ Temple) General stacks 09/01/2025   BS680.B48 OTA ulct00004543 09/01/2025 2 09/01/2025 Books
© 2023-2024 Copyright: Central University Libraries. All Rights Reserved | Created by: Mahone Tech Office